| 000 | 00605nam a2200241Ia 4500 | ||
|---|---|---|---|
| 003 | OSt | ||
| 005 | 20220928125503.0 | ||
| 006 | a|||||r|||| 00| 0 | ||
| 007 | ta | ||
| 008 | 220927b |||||||| |||| 00| 0 eng d | ||
| 024 | _a63726 | ||
| 037 | _cTextual | ||
| 040 |
_aSDCL _cSDCL _beng |
||
| 041 |
_2eng _aeng |
||
| 082 | _aS, N1 | ||
| 100 |
_aDarley John M. Au. _9469768 |
||
| 245 | 0 | _aPsychology | |
| 260 | _c1991 | ||
| 300 |
_axvii;733p _ccm. |
||
| 700 |
_a Glucksberg Sam Au. _9469769 |
||
| 942 |
_hS, N1 _cTEXL _2CC |
||
| 999 |
_c782494 _d782494 |
||